Vplyv skupinovej supervízie na aktualizované zmeny v manifestovaných subjektívnych pocitoch a psychických stavoch pomáhajúcich profesionálov a profesionálok
Pochopenie situačne aktualizovaných zmien v manifestovaných subjektívnych pocitoch a stavoch vrátane kontextov interakčnej povahy umožňuje vystihovať u jednotlivca optimálne súvislosti pre realizáciu jeho života a profesijných činností. Pomáha voliť relevantné optimalizačné zásahy a hodnotiť ich úči...
Gespeichert in:
| 1. Verfasser: | |
|---|---|
| Format: | Buchkapitel |
| Sprache: | Slowakisch |
| Schlagworte: | |
| Tags: |
Keine Tags, Fügen Sie das erste Tag hinzu!
|
MARC
| LEADER | 00000naa a2200000 4500 | ||
|---|---|---|---|
| 001 | 0298727 | ||
| 005 | 20240417075300.1 | ||
| 041 | 0 | |a slo | |
| 044 | |a CZ | ||
| 245 | 1 | 0 | |a Vplyv skupinovej supervízie na aktualizované zmeny v manifestovaných subjektívnych pocitoch a psychických stavoch pomáhajúcich profesionálov a profesionálok |c Bohuslav Kuzyšin ...[et al.] |
| 520 | |a Pochopenie situačne aktualizovaných zmien v manifestovaných subjektívnych pocitoch a stavoch vrátane kontextov interakčnej povahy umožňuje vystihovať u jednotlivca optimálne súvislosti pre realizáciu jeho života a profesijných činností. Pomáha voliť relevantné optimalizačné zásahy a hodnotiť ich účinnosť s presahom ku kvalifikovanému výkonu jeho profesionálnej práce. Supervízia bezprostredne súvisí s výkonom sociálnej práce. | ||
| 610 | 2 | 0 | |a práca sociálna |
| 610 | 2 | 0 | |a tímy pracovné |
| 610 | 2 | 0 | |a supervízia |
| 610 | 2 | 0 | |a komunikácia |
| 610 | 2 | 0 | |a sebapoznanie |
| 610 | 2 | 0 | |a sebariadenie |
| 610 | 2 | 0 | |a vzdelávanie |
| 100 | 1 | |a Kuzyšin, Bohuslav | |